Statistics for U.S. States Closest to Washington D.C. with a Radial Map

Click here to take the quiz!

General Stats

  • This quiz has been taken 100 times
  • The average score is 22 of 23

Answer Stats

State % Correct
New York
100%
Pennsylvania
99%
Maine
99%
New Jersey
99%
Delaware
98%
Virginia
98%
South Carolina
98%
Michigan
98%
Connecticut
98%
North Carolina
98%
Rhode Island
98%
Vermont
97%
Kentucky
97%
Maryland
97%
West Virginia
96%
Georgia
96%
Alabama
95%
Ohio
95%
Indiana
95%
Massachusetts
94%
Tennessee
94%
New Hampshire
94%
Illinois
93%

Score Distribution

Percentile by Number Answered

Percent of People with Each Score

Your Score History

You have not taken this quiz